[Event "IMSA Blitz Women 2019"]
[Site "Hengshui"]
[Date "2019.05.17"]
[Round "5.2"]
[White "Tan, Zhongyi"]
[Black "Kosteniuk, Alexandra"]
[Result "1/2-1/2"]
[WhiteElo "2513"]
[BlackElo "2546"]
[Annotator "RC"]
[PlyCount "122"]
[EventDate "2019.05.17"]
[EventType "blitz"]
[EventCountry "CHN"]
[SourceTitle "playchess.com"]
[Source "ChessBase"]
[SourceQuality "1"]
[TimeControl "180+2"]

1. c4 {[%emt 0:00:00]} c5 {[%emt 0:00:00]} 2. Nc3 {[%emt 0:00:01]} Nc6 {[%emt 0:00:01]} 3. Nf3 {[%emt 0:00:02]} Nf6 {[%emt 0:00:00]} 4. e3 {[%emt 0:00:04]} d5 {[%emt 0:00:05]} 5. d4 {[%emt 0:00:01]} e6 {[%emt 0:00:04]} 6. a3 {[%emt 0:00:13]} a6 {[%emt 0:00:01]} 7. dxc5 {[%emt 0:00:05]} Bxc5 {[%emt 0:00:02]} 8. b4 {[%emt 0:00:01]} Bd6 {[%emt 0:00:13]} 9. Bb2 {[%emt 0:00:04]} O-O {[%emt 0:00:05]} 10. Be2 {[%emt 0:00:04]} dxc4 {[%emt 0:00:18]} 11. Bxc4 {[%emt 0:00:03]} b5 {[%emt 0:00:04]} 12. Bd3 {[%emt 0:00:23]} Ne5 {[%emt 0:00:08]} 13. Nxe5 {[%emt 0:00:33]} Bxe5 {[%emt 0:00:02]} 14. O-O {[%emt 0:00:11]} Bb7 {[%emt 0:00:10]} 15. Rc1 {[%emt 0:00:15]} Qb8 {[%emt 0:00:15]} 16. h3 {[%emt 0:00:17]} Rd8 {[%emt 0:00:03]} 17. Qe2 {[%emt 0:00:01]} Ra7 {[%emt 0:00:32]} 18. Rfd1 {[%emt 0:00:02]} Ba8 {[%emt 0:00:02]} 19. Bb1 {[%emt 0:00:41]} Rad7 {[%emt 0:00:03]} 20. Rxd7 {[%emt 0:00:03]} Rxd7 {[%emt 0:00:01]} 21. Rd1 {[%emt 0:00:16]} Qb7 {[%emt 0:00:01]} 22. f3 {[%emt 0:00:06]} Qc7 {[%emt 0:00:23]} 23. Rxd7 {[%emt 0:00:02]} Nxd7 {[%emt 0:00:01]} 24. Qc2 {[%emt 0:00:01]} g6 {[%emt 0:00:02]} 25. Nd1 {[%emt 0:00:06]} Qxc2 26. Bxc2 {[%emt 0:00:01]} Bd6 {[%emt 0:00:06]} 27. e4 {[%emt 0:00:05]} Ne5 {[%emt 0:00:12]} 28. Ne3 {[%emt 0:00:02]} Nc6 {[%emt 0:00:00]} 29. Kf2 {[%emt 0:00:03]} Kf8 {[%emt 0:00:10]} 30. Ke2 {[%emt 0:00:02]} Ke7 {[%emt 0:00:02]} 31. Bb3 {[%emt 0:00:04]} a5 {[%emt 0:00:02]} 32. bxa5 Nxa5 {[%emt 0:00:01]} 33. Bc2 {[%emt 0:00:02]} Bc6 {[%emt 0:00:05]} 34. Bd3 {[%emt 0:00:01]} Nb3 {[%emt 0:00:02]} 35. Nc2 {[%emt 0:00:04]} Bc5 {[%emt 0:00:16]} 36. Nb4 {[%emt 0:00:04]} Bd7 {[%emt 0:00:01]} 37. Nc2 {[%emt 0:00:02]} f6 {[%emt 0:00:03]} 38. Nb4 {[%emt 0:00:01]} Nd4+ {[%emt 0:00:05]} 39. Kd2 {[%emt 0:00:04]} Kd6 {[%emt 0:00:05]} 40. Nc2 {[%emt 0:00:03]} Nb3+ {[%emt 0:00:07]} 41. Kc3 {[%emt 0:00:01]} Na5 {[%emt 0:00:01]} 42. Nd4 {[%emt 0:00:02]} Bxd4+ {[%emt 0:00:05]} 43. Kxd4 {[%emt 0:00:01]} e5+ {[%emt 0:00:01]} 44. Kc3 {[%emt 0:00:01]} Kc5 {[%emt 0:00:03]} 45. Bc1 {[%emt 0:00:02]} Nc6 {[%emt 0:00:02]} 46. Be3+ {[%emt 0:00:01]} Nd4 {[%emt 0:00:01]} 47. Bb1 {[%emt 0:00:04]} Be6 {[%emt 0:00:00]} 48. Bf2 {[%emt 0:00:02]} Bc4 {[%emt 0:00:01]} 49. Bd3 {[%emt 0:00:02]} Be6 {[%emt 0:00:02]} 50. Bh4 {[%emt 0:00:02]} g5 {[%emt 0:00:03]} 51. Bf2 {[%emt 0:00:01]} h5 {[%emt 0:00:01]} 52. h4 {[%emt 0:00:02]} g4 {[%emt 0:00:02]} 53. fxg4 {[%emt 0:00:02]} Bxg4 {[%emt 0:00:02]} 54. g3 {[%emt 0:00:02]} Bf3 {[%emt 0:00:01]} 55. Be3 {[%emt 0:00:02]} Bg4 {[%emt 0:00:06]} 56. Bh6 {[%emt 0:00:01]} Ne2+ {[%emt 0:00:07]} 57. Bxe2 {[%emt 0:00:04]} Bxe2 {[%emt 0:00:01]} 58. Bg7 {[%emt 0:00:02]} Kd6 {[%emt 0:00:04]} 59. Bxf6 {[%emt 0:00:02]} Ke6 {[%emt 0:00:01]} 60. Bd8 {[%emt 0:00:02]} Bf3 {[%emt 0:00:02]} 61. Kd3 {[%emt 0:00:01]} Bg4 {[%emt 0:00:01]} 1/2-1/2

[Event "IMSA Blitz Women 2019"]
[Site "Hengshui"]
[Date "2019.05.17"]
[Round "5.2"]
[White "Dzagnidze, Nana"]
[Black "Koneru, Humpy"]
[Result "1/2-1/2"]
[WhiteElo "2510"]
[BlackElo "2553"]
[Annotator "TA"]
[PlyCount "104"]
[EventDate "2019.05.17"]
[EventType "blitz"]
[EventCountry "CHN"]
[SourceTitle "playchess.com"]
[Source "ChessBase"]
[SourceQuality "1"]

{[%evp 18,104,23,14,16,15,12,14,27,10,28,19,47,30,46,33,50,60,66,68,77,21,25,14,33,29,42,25,15,-2,0,0,408,88,84,74,78,62,64,75,133,128,127,123,209,108,141,20,78,72,72,72,72,66,404,191,2148,2623,1979,1663,1551,835,702,302,281,0,0,-76,-76,-76,-76,-74,-51,-51,0,-85,-32,-77,-20,-22,-25,-32,-33,-29,0,-94,0,-25,0]} 1. c4 e6 2. Nf3 Nf6 3. b3 b6 4. Bb2 Bb7 5. g3 Be7 6. Bg2 O-O 7. O-O d5 8. e3 Nbd7 9. d3 c5 10. Nbd2 Rc8 {A14: English Opening: 1...e6 with b3 by White} 11. Qe2 Qc7 (11... Rc7 12. e4 d4 13. e5 Ne8 14. Ne1 Qb8 15. f4 g6 16. Bc1 Ng7 17. Ne4 f5 18. exf6 Nxf6 {1-0 (54) Bachmann,A (2646)-Sanikidze,T (2518) Chartres 2017}) 12. a3 Qb8 $146 {The position is equal.} ({Predecessor:} 12... Rfe8 13. Rfd1 Bc6 14. e4 dxe4 15. dxe4 e5 16. Ne1 Nf8 17. Nc2 Ne6 18. Ne3 Nd4 19. Qd3 Bd6 20. Re1 Nd7 21. Bc3 a5 {½-½ (21) Koepke,C (2252)-Lipok,C (2140) Bad Woerishofen 2006}) 13. e4 dxe4 14. dxe4 e5 15. Rad1 Rcd8 16. Nh4 Rfe8 17. Nf5 Nf8 18. f4 Ng6 19. fxe5 (19. Nxe7+ $16 Rxe7 20. f5) 19... Nxe5 $11 20. Nf3 Rxd1 (20... Ng6 {looks sharper.} 21. e5 Rxd1 22. Qxd1 Bxf3 23. Qxf3 Nxe5 24. Qf4 Ng6) 21. Rxd1 Nfg4 22. Nxe5 (22. h3 {keeps more tension.} Nxf3+ 23. Qxf3 Ne5 24. Qf4 Bf6 25. Rd6) 22... Nxe5 23. Ne3 Bf8 24. Nd5 Nc6 $2 {[%mdl 8192] [#]} (24... Bc8 $11 {and Black stays safe.}) 25. Qg4 $2 (25. Nf6+ $1 $18 {[%mdl 512]} Kh8 (25... gxf6 26. Qg4+) 26. Qh5 $1 {[%mdl 512]} gxf6 27. Bxf6+ Bg7 28. Qxf7 Bxf6 29. Qxf6+ Kg8 30. Rd7) 25... Kh8 $16 26. Rf1 Ne5 27. Bxe5 Qxe5 28. Rxf7 Qd4+ (28... Bxd5 $142 29. exd5 (29. cxd5 c4 $16) 29... Kg8) 29. Kh1 {Black must now prevent Qd7!} Bxd5 30. cxd5 {Threatens to win with Qd7!} c4 (30... Qa1+ $16 31. Rf1 Qe5) 31. bxc4 (31. Qe6 $18 Rd8 32. bxc4 (32. Qd7 Kg8 $16)) 31... Bxa3 32. Rf1 (32. h4 $16) 32... Bc5 {[#]} (32... Qe5 $11) 33. Qd7 $1 $40 {[%mdl 128] Black is in trouble.} Rf8 34. Rxf8+ Bxf8 35. h3 {aiming for Qe8!} h6 $2 {[%mdl 8192]} (35... Qe5 $14) 36. Qc8 (36. Qe8 $142 Qf2 37. d6) 36... Qf6 $2 {[#]} (36... Qc5 37. Qa8 h5) 37. e5 $1 $18 {[%mdl 512]} Qf2 (37... Qxe5 38. Qxf8+) 38. d6 {White threatens d7 and mate.} Kh7 39. Be4+ g6 40. Qd7+ (40. Qe8 $142 Qe1+ 41. Kh2 Qxe4 42. Qxf8 Qe2+ 43. Kg1) 40... Bg7 {[#] And now ...Qe1+ would win.} 41. Bg2 $2 (41. Qg4 $1 $18 {[%cal Rg4g6]} Qe1+ 42. Kh2 (42. Kg2 Qd2+ 43. Kg1 Qd4+ 44. Kh1 Qa1+ 45. Kg2 Qb2+ 46. Kh1 Qc1+ 47. Kg2 Qd2+ 48. Kh1 Qc1+ 49. Kg2 Qd2+ $11) 42... Qd2+ 43. Bg2 Bxe5 44. Qd7+ {[%mdl 64] Double Attack} Bg7 45. Qc7 (45. Qxa7 Qxd6 46. Qb7 h5 $11)) 41... Qxg3 $11 {Strongly threatening ...Qe1+.} 42. Qe7 (42. Qf7 $11 Qe1+ 43. Bf1 Qxe5 44. c5) 42... Qe1+ $17 43. Kh2 Qxe5+ 44. Kh1 Qa1+ 45. Kh2 Qe5+ (45... h5 $15) 46. Kg1 (46. Kh1 $11) 46... Qd4+ (46... a5 $17 47. Bd5 h5) 47. Kf1 Qd1+ (47... Qxc4+ $17 48. Kf2 Qc5+ 49. Ke2 Qb5+ 50. Kd2 Qb4+ 51. Ke2 Qc4+ 52. Kf2 Qd4+ 53. Ke2 Qc4+ 54. Kf3 Qc3+ 55. Ke2 Qb2+ 56. Ke3 Qc3+ 57. Ke2 Qc2+ 58. Ke3 Qc5+ 59. Ke2 Qc2+ 60. Kf3 Qd3+ 61. Kf2 Qd4+ 62. Ke2 Qb2+ 63. Kf3 Qc3+ 64. Ke2) 48. Kf2 $11 Qd2+ 49. Kf3 Qd3+ 50. Kf2 Qd4+ ({Black should play} 50... Qf5+ $11 51. Bf3 Qc5+ 52. Kg2 a5) 51. Kf1 $17 Qd1+ ({Black should try} 51... Qxc4+ $17 52. Kf2 Qc5+ 53. Ke2 Qc2+ 54. Ke1 Qc3+ 55. Ke2 Qc2+ 56. Ke1 Qc1+ 57. Kf2 Qc5+ 58. Ke2 Qc4+ 59. Ke3 Qc5+ 60. Ke2) 52. Kf2 $11 Qd2+ {Accuracy: White = 33%, Black = 34%.} 1/2-1/2

[Event "IMSA Blitz Women 2019"]
[Site "Hengshui"]
[Date "2019.05.17"]
[Round "5.2"]
[White "Lei, Tingjie"]
[Black "Harika, Dronavalli"]
[Result "1-0"]
[WhiteElo "2507"]
[BlackElo "2492"]
[Annotator "TA"]
[PlyCount "91"]
[EventDate "2019.05.17"]
[EventType "blitz"]
[EventCountry "CHN"]
[SourceTitle "playchess.com"]
[Source "ChessBase"]
[SourceQuality "1"]

{[%evp 11,113,19,27,27,19,32,21,27,17,22,35,0,0,0,0,0,11,22,251,254,267,241,281,287,285,269,264,248,263,260,270,295,270,164,177,182,270,270,280,264,292,266,326,326,325,318,799,510,793,585,585,585,585,585,585,585,585,585,1009,947,1093,1079,910,530,1245,1249,1234,1243,4780,1241,1224,1177,1099,1049,1737,1427,1187,1059,29978,29979,29981,29982,29982,29981,29981,29982,29982,29983,29983,29982,29982,29982,29982,29983,29988,29989,29989,29990,29990,29991,29992,29993,29993,278]} 1. c4 ({Predecessor:} 1. Nf3 d5 2. d4 Nf6 3. c4 {½-½ (14) Jianu,V (2542)-Aczel,G (2538) Satu Mare 2018}) 1... e6 2. d4 d5 3. Nf3 Nf6 4. g3 dxc4 5. Bg2 Bb4+ 6. Bd2 a5 7. Qc2 $146 {E04: Open Catalan: 5 Nf3} (7. a3 Bxd2+ 8. Nbxd2 b5 9. b3 cxb3 10. Qxb3 c6 11. O-O O-O 12. Rfc1 Bb7 13. Qb2 Nbd7 14. Ne1 Qb8 {0-1 (55) Bluebaum,M (2620)-Anand,V (2773) Germany 2019}) 7... Bxd2+ 8. Qxd2 c6 9. a4 {The position is equal.} Ne4 10. Qf4 Qb6 11. O-O Qxb2 {[%mdl 64] Double Attack} 12. Ne5 O-O $1 13. Na3 $1 Nc3 {[%mdl 64] Double Attack} 14. Qe3 Nd5 $2 {[#]} (14... Qb4 $11) 15. Bxd5 $1 $18 exd5 16. Rfb1 Qb4 17. Rxb4 axb4 18. Naxc4 dxc4 19. Nxc4 Be6 20. Nb6 Ra6 21. a5 b3 22. d5 cxd5 23. Qxb3 Nc6 (23... Rd8 $142 24. Qd3 Nc6) 24. Nxd5 Nxa5 25. Ne7+ Kh8 26. Qc3 Nc4 27. Rxa6 bxa6 28. f4 {Hoping for f5.} Nd6 $2 (28... f6 29. Qd4 a5) 29. Qc5 Rd8 (29... Ne4 $142 30. Ng6+ hxg6 31. Qxf8+ Kh7) 30. f5 Nxf5 31. Nxf5 Bxf5 32. Qxf5 {[%mdl 4096] Endgame KQ-KR} Kg8 {[#]} 33. Qa5 $1 {[%cal Ra5d8]} Re8 34. Qxa6 h6 35. Kf2 Re6 36. Qc8+ Kh7 37. e3 Rf6+ 38. Ke2 Re6 39. g4 Rf6 40. h4 Re6 41. Qd7 Kg8 42. Kf3 g6 43. e4 Kg7 44. Ke3 Kg8 45. Kd4 {White mates.} Kg7 {[#]} 46. Kd5 {Played: Qd7xe6} 1-0

[Event "IMSA Blitz Women 2019"]
[Site "Hengshui"]
[Date "2019.05.17"]
[Round "5.2"]
[White "Gunina, Valentina"]
[Black "Khotenashvili, Bela"]
[Result "1-0"]
[WhiteElo "2506"]
[BlackElo "2476"]
[Annotator "RC"]
[PlyCount "91"]
[EventDate "2019.05.17"]
[EventType "blitz"]
[EventCountry "CHN"]
[SourceTitle "playchess.com"]
[Source "ChessBase"]
[SourceQuality "1"]
[TimeControl "180+2"]

1. e4 {[%emt 0:00:00]} c6 {[%emt 0:00:00]} 2. d4 {[%emt 0:00:02]} g6 {[%emt 0:00:03]} 3. Nc3 {[%emt 0:00:02]} d5 {[%emt 0:00:02]} 4. e5 {[%emt 0:00:02]} Bg7 {[%emt 0:00:02]} 5. Nf3 {[%emt 0:00:01]} Nh6 {[%emt 0:00:03]} 6. h3 {[%emt 0:00:03]} O-O {[%emt 0:00:02]} 7. Be2 {[%emt 0:00:01]} f6 {[%emt 0:00:01]} 8. O-O {[%emt 0:00:08]} Nf7 {[%emt 0:00:02]} 9. Bf4 {[%emt 0:00:07]} e6 {[%emt 0:00:12]} 10. exf6 {[%emt 0:00:06]} Qxf6 {[%emt 0:00:19]} 11. Qd2 {[%emt 0:00:04]} Nd7 {[%emt 0:00:07]} 12. Rae1 {[%emt 0:00:15]} e5 {[%emt 0:00:13]} 13. dxe5 {[%emt 0:00:03]} Ndxe5 {[%emt 0:00:01]} 14. Nxe5 {[%emt 0:00:04]} Nxe5 {[%emt 0:00:01]} 15. Bg5 {[%emt 0:00:02]} Qf5 {[%emt 0:00:20]} 16. f4 {[%emt 0:00:11]} Nc4 {[%emt 0:00:02]} 17. Bxc4 {[%emt 0:00:08]} dxc4 {[%emt 0:00:01]} 18. Ne4 {[%emt 0:00:08]} Be6 {[%emt 0:00:31]} 19. Be7 {[%emt 0:00:03]} Rfe8 {[%emt 0:00:37]} 20. Bh4 {[%emt 0:00:50]} Qd5 {[%emt 0:00:03]} 21. Qxd5 {[%emt 0:00:09]} Bxd5 {[%emt 0:00:08]} 22. Nf6+ {[%emt 0:00:02]} Bxf6 {[%emt 0:00:03]} 23. Bxf6 {[%emt 0:00:01]} Re6 {[%emt 0:00:23]} 24. Rxe6 {[%emt 0:00:09]} Bxe6 {[%emt 0:00:01]} 25. Rd1 {[%emt 0:00:18]} Kf7 {[%emt 0:00:01]} 26. Be5 {[%emt 0:00:02]} Bd5 {[%emt 0:00:06]} 27. g4 {[%emt 0:00:10]} Re8 {[%emt 0:00:07]} 28. Rf1 {[%emt 0:00:05]} Be4 {[%emt 0:00:04]} 29. c3 {[%emt 0:00:08]} Rd8 {[%emt 0:00:02]} 30. Bd4 {[%emt 0:00:03]} a5 {[%emt 0:00:07]} 31. Re1 {[%emt 0:00:03]} Re8 {[%emt 0:00:02]} 32. Kf2 {[%emt 0:00:03]} a4 {[%emt 0:00:02]} 33. Be5 {[%emt 0:00:06]} Bd5 {[%emt 0:00:08]} 34. a3 {[%emt 0:00:03]} Rd8 {[%emt 0:00:04]} 35. Rd1 {[%emt 0:00:05]} Re8 {[%emt 0:00:02]} 36. h4 {[%emt 0:00:01]} h6 {[%emt 0:00:03]} 37. Re1 {[%emt 0:00:16]} Rd8 {[%emt 0:00:03]} 38. Kg3 {[%emt 0:00:07]} Be6 {[%emt 0:00:01]} 39. Bd4 {[%emt 0:00:01]} Re8 {[%emt 0:00:04]} 40. Rf1 {[%emt 0:00:03]} Bd7 {[%emt 0:00:03]} 41. Be5 {[%emt 0:00:01]} Be6 {[%emt 0:00:01]} 42. f5 {[%emt 0:00:01]} gxf5 {[%emt 0:00:01]} 43. gxf5 {[%emt 0:00:01]} Rg8+ {[%emt 0:00:01]} 44. Kf4 {[%emt 0:00:01]} Bd5 {[%emt 0:00:01]} 45. Bd4 {[%emt 0:00:03]} Rg4+ {[%emt 0:00:03]} 46. Kxg4 {[%emt 0:00:02]} 1-0

[Event "IMSA Blitz Women 2019"]
[Site "Hengshui"]
[Date "2019.05.17"]
[Round "5.2"]
[White "Stefanova, Antoaneta"]
[Black "Zhao, Xue"]
[Result "1/2-1/2"]
[WhiteElo "2470"]
[BlackElo "2485"]
[Annotator "TA"]
[PlyCount "84"]
[EventDate "2019.05.17"]
[EventType "blitz"]
[EventCountry "CHN"]
[SourceTitle "playchess.com"]
[Source "ChessBase"]
[SourceQuality "1"]

{[%evp 9,84,-10,-4,-29,14,20,37,-27,-12,-24,-29,-23,4,5,21,22,22,17,25,20,20,20,24,24,25,0,0,0,0,-14,0,-109,-17,-25,156,159,160,191,193,29,415,349,354,340,308,83,70,78,68,68,144,80,76,4,22,14,23,34,63,25,26,25,25,33,33,26,40,54,67,0,40,15,39,0,41,0,83]} 1. d4 Nf6 2. Nc3 d5 3. Bf4 e6 4. e3 Bd6 (4... Bb4 5. Bd3 c5 6. dxc5 Nbd7 7. Nf3 Nxc5 8. O-O Bxc3 9. bxc3 O-O 10. Be2 b6 11. c4 Bb7 12. Qd4 {½-½ (32) Naroditsky,D (2616)-Xiong,J (2672) chess.com INT 2019}) 5. Bg3 (5. Nf3 Bxf4 6. exf4 b6 7. Ne5 O-O 8. Qf3 Ba6 9. O-O-O Qc8 10. g4 Bb7 11. Bd3 c5 12. g5 {1-0 (22) Stefanova,A (2489)-Zhao,X (2552) Khanty-Mansiysk 2014}) 5... b6 6. Nf3 {D00: 1 d4 d5: Unusual lines} Bxg3 7. hxg3 Nbd7 8. Ne2 $146 (8. Bb5 $14) ({Predecessor:} 8. Bb5 Bb7 9. Ne5 a6 10. Bxd7+ Nxd7 11. Qg4 Qf6 12. Nxd7 Kxd7 13. O-O-O Qg6 14. Qf4 {1-0 (50) Petkov,V (2481)-Stoyanov,T (2095) Belogradchik 2016}) 8... Qe7 9. c3 Bb7 10. Nf4 O-O-O 11. a4 {[%cal Ba2a4,Ba4a5][%mdl 32]} a6 12. a5 b5 13. Nd3 c5 14. dxc5 Nxc5 15. Nxc5 Qxc5 16. Qd4 $36 {[%mdl 2048] White is pushing.} Qc7 17. Qa7 Ne4 18. Be2 e5 19. Bd3 f6 20. O-O (20. Bxe4 $11 dxe4 21. Nd2) 20... h5 (20... g6 $17 21. Rfd1 Qb8 22. Qxb8+ Kxb8) 21. Rfd1 $11 Nc5 $2 (21... Nd6 $11) 22. Bf5+ $16 Nd7 23. e4 dxe4 24. Nd2 $2 ({White should play} 24. c4 $18 b4 25. Nh4) 24... Qb8 $2 {[%mdl 8192]} (24... g6 $1 $11 25. Bxg6 Qc5 26. Qxc5+ Nxc5) 25. Qe3 Qc7 26. Nxe4 {[#] Threatens to win with Nc5.} Kb8 27. Nd6 $2 (27. b4 $18 {and White stays clearly on top.}) 27... Nc5 28. Nxb7 Nxb7 29. b4 h4 {[#]} (29... Nd6 $14 30. Be6 Qa7) 30. g4 (30. Rxd8+ $142 $1 Rxd8 31. gxh4) 30... Nd6 31. Rd3 (31. Be6 $16) 31... Nc4 32. Qe2 Rxd3 33. Bxd3 Rc8 34. Bf5 Rd8 35. Rd1 Rxd1+ 36. Qxd1 Qd6 37. Qf3 Nd2 38. Qe2 Nc4 39. Qf3 Nd2 40. Qe3 Nc4 41. Qf3 Nd2 42. Qe2 Nc4 {Accuracy: White = 37%, Black = 31%.} 1/2-1/2

[Event "IMSA Blitz Women 2019"]
[Site "Hengshui"]
[Date "2019.05.17"]
[Round "5.2"]
[White "Abdumalik, Zhansaya"]
[Black "Krush, Irina"]
[Result "0-1"]
[WhiteElo "2464"]
[BlackElo "2422"]
[Annotator "TA"]
[PlyCount "126"]
[EventDate "2019.05.17"]
[EventType "blitz"]
[EventCountry "CHN"]
[SourceTitle "playchess.com"]
[Source "ChessBase"]
[SourceQuality "1"]

{[%evp 12,126,58,52,54,39,40,40,30,33,32,0,0,0,0,0,7,7,1,0,0,5,7,4,3,0,0,0,0,0,0,-1,27,21,104,109,102,103,81,0,102,97,87,1,84,85,87,0,0,0,7,-14,-8,-11,-8,-8,-1,-8,0,0,0,0,19,-82,-82,-82,-82,-102,-92,-216,-213,-428,-420,-419,-420,-420,-417,-747,-382,-365,-342,-735,-522,-974,-935,-918,-895,-1529,-1237,-5800,-4833,-29961,-29955,-29970,-29969,-29979,-29980,-29992,-29981,-29981,-29979,-29981,-29980,-29982,-29983,-29983,-29980,-29979,-29980,-29983,-29984,-29986,-29987,-29987,-29983,-29983,-29984]} 1. e4 c5 2. Nf3 d6 3. d4 cxd4 4. Nxd4 Nf6 5. Nc3 Nc6 6. Bg5 Qb6 7. Be3 a6 {B60: Sicilian: Richter-Rauzer: Unusual Black 6th moves and 6...Bd7 without 7 Qd2} 8. Nxc6 (8. Nb3 {keeps more tension.} Qd8 9. Be2 e6 10. O-O Be7 11. f4) 8... Qxc6 9. f3 $146 ({Predecessor:} 9. Nd5 Nd7 10. b4 b5 11. a4 Rb8 12. axb5 axb5 13. Ra7 e6 14. c4 Bb7 15. cxb5 Qc8 16. Nb6 Nxb6 17. Bxb6 Be7 18. Bd3 d5 19. O-O dxe4 20. Be2 O-O 21. Qa1 Ra8 {½-½ (21) Gashimov,V (2565)-Miroshnichenko,E (2599) Dubai 2004}) 9... g6 {White is slightly better.} 10. Qd2 Bg7 11. Be2 Be6 12. a4 Rc8 13. Bd4 h5 14. O-O O-O 15. a5 Nd7 16. Ra4 Bxd4+ 17. Qxd4 Qc5 18. Rd1 Qxd4+ 19. Rdxd4 Rc7 20. f4 Kg7 21. Rab4 Nc5 22. Bf3 Bg4 (22... Nd7 $11) 23. Nd5 $1 $36 {[%cal Rd5c7][%mdl 2048] White is on the roll.} Rd7 24. Nb6 {And now Bxg4 would win.} Rc7 25. Nd5 Rd7 26. Bxg4 hxg4 27. Rbc4 (27. f5 $16) 27... e5 (27... f5 $1 $11) 28. Rd1 {Hoping for fxe5.} exf4 {[#]} 29. Nxf4 (29. e5 $1 $16) 29... Re7 $11 30. Rxd6 Nxe4 31. Rd1 Rfe8 32. Rcd4 Nf6 33. b4 Re4 34. c3 g5 35. Nd5 Rxd4 36. Rxd4 {[%mdl 4096] Endgame KRN-KRN} Rd8 (36... Ne4 {looks sharper.} 37. Nc7 Re7 38. Nd5 Re8) 37. c4 {[#]} (37. Ne3 $11 {keeps the balance.} Rxd4 38. cxd4) 37... Nxd5 $1 $17 38. cxd5 {KR-KR} f5 39. Kf2 Kf6 40. d6 (40. Rd1 $17) 40... Ke6 $19 41. h3 $2 (41. b5) 41... gxh3 42. gxh3 Rxd6 43. Rc4 Rd2+ 44. Kg3 (44. Kf3 $142 Rb2 45. Rd4) 44... Rd3+ 45. Kg2 Rb3 46. h4 $2 (46. Rd4) 46... g4 47. h5 Kf6 48. h6 Kg6 49. h7 Kxh7 50. Rc7+ Kg6 51. Rxb7 Kg5 {Black mates.} 52. Rb6 Kf4 53. Rxa6 Rb2+ 54. Kg1 Kg3 {[%cal Rb2b1]} 55. Kf1 Rb1+ 56. Ke2 Rxb4 57. Rf6 f4 58. a6 Rb2+ 59. Kd3 Ra2 60. Ke4 f3 61. Ke3 Kg2 62. Kf4 f2 63. Kxg4 f1=Q {Accuracy: White = 35%, Black = 72%.} 0-1

[Event "IMSA Blitz Women 2019"]
[Site "Hengshui"]
[Date "2019.05.17"]
[Round "5.2"]
[White "Ushenina, Anna"]
[Black "Paehtz, Elisabeth"]
[Result "0-1"]
[WhiteElo "2442"]
[BlackElo "2470"]
[Annotator "ChessBase"]
[PlyCount "72"]
[EventDate "2019.05.17"]
[EventType "blitz"]
[EventCountry "CHN"]
[SourceTitle "playchess.com"]
[Source "ChessBase"]
[SourceQuality "1"]
[TimeControl "180+2"]

1. d4 {[%emt 0:00:00]} g6 {[%emt 0:00:00]} 2. Nf3 {[%emt 0:00:06]} Bg7 {[%emt 0:00:00]} 3. g3 {[%emt 0:00:01]} d6 {[%emt 0:00:01]} 4. Bg2 {[%emt 0:00:02]} Nf6 {[%emt 0:00:01]} 5. O-O {[%emt 0:00:02]} O-O {[%emt 0:00:02]} 6. c4 {[%emt 0:00:04]} Nc6 {[%emt 0:00:02]} 7. Nc3 {[%emt 0:00:07]} a6 {[%emt 0:00:01]} 8. Bf4 {[%emt 0:00:05]} Rb8 {[%emt 0:00:03]} 9. Rc1 {[%emt 0:00:10]} Bd7 {[%emt 0:00:02]} 10. a3 {[%emt 0:00:12]} h6 {[%emt 0:00:05]} 11. h3 {[%emt 0:00:06]} Nh5 {[%emt 0:00:10]} 12. Bd2 {[%emt 0:00:26]} e5 {[%emt 0:00:05]} 13. d5 {[%emt 0:00:22]} Ne7 {[%emt 0:00:17]} 14. e4 {[%emt 0:00:29]} Qe8 {[%emt 0:00:01]} 15. b4 {[%emt 0:00:07]} f5 {[%emt 0:00:01]} 16. c5 {[%emt 0:00:07]} Nf6 {[%emt 0:00:04]} 17. Be3 {[%emt 0:00:19]} fxe4 {[%emt 0:00:17]} 18. Nd2 {[%emt 0:00:01]} Nfxd5 {[%emt 0:00:11]} 19. Ndxe4 {[%emt 0:00:05]} Nxc3 {[%emt 0:00:11]} 20. Nxc3 {[%emt 0:00:03]} Nf5 {[%emt 0:00:05]} 21. Nd5 {[%emt 0:00:04]} Qd8 {[%emt 0:00:15]} 22. cxd6 {[%emt 0:00:02]} cxd6 {[%emt 0:00:02]} 23. Bb6 {[%emt 0:00:02]} Qe8 {[%emt 0:00:01]} 24. Bc7 {[%emt 0:00:05]} Bb5 {[%emt 0:00:14]} 25. Re1 {[%emt 0:00:06]} Rc8 {[%emt 0:00:11]} 26. Nb6 {[%emt 0:00:01]} Rxc7 {[%emt 0:00:07]} 27. Rxc7 {[%emt 0:00:02]} Nd4 {[%emt 0:00:08]} 28. Rxb7 {[%emt 0:00:11]} Bc6 {[%emt 0:00:01]} 29. Rc7 {[%emt 0:00:06]} Bxg2 {[%emt 0:00:02]} 30. Kxg2 {[%emt 0:00:01]} Qb5 {[%emt 0:00:13]} 31. Nd7 {[%emt 0:00:17]} Rf7 {[%emt 0:00:00]} 32. Rc8+ {[%emt 0:00:01]} Kh7 {[%emt 0:00:01]} 33. Nxe5 dxe5 34. Rc5 {[%emt 0:00:06]} Qb7+ {[%emt 0:00:05]} 35. f3 {[%emt 0:00:04]} Nxf3 {[%emt 0:00:03]} 36. Rf1 {[%emt 0:00:04]} Nh4+ {[%emt 0:00:05]} 0-1